MARC

LEADER 00000nam0a2200000 4500
001 372335
005 20231102012451.0
035 |a (RuTPU)RU\TPU\retro\29758 
035 |a RU\TPU\book\269398 
090 |a 372335 
100 |a 20221214d1959 k y0rusy50 ca 
101 1 |a rus  |c eng 
102 |a RU 
105 |a a z 001zy 
200 1 |a Введение в теорию аэроупругости  |e пер. с англ.  |f Я. Ц. Фын 
210 |a Москва  |c Физматлит  |d 1959 
215 |a 524 с.  |c ил. 
320 |a Библиография в конце глав. 
320 |a Предметный указатель: с. 519-523. 
606 1 |a Аэродинамика  |2 stltpush  |3 (RuTPU)RU\TPU\subj\29869  |9 53103 
610 1 |a аэроупругость 
610 1 |a уравнения Лагранжа 
610 1 |a координаты 
610 1 |a задачи 
610 1 |a гражданское строительство 
610 1 |a машиностроение 
610 1 |a несущие поверхности 
610 1 |a дивергенция 
610 1 |a общие вопросы 
610 1 |a реверс 
610 1 |a крылья 
610 1 |a флаттер 
610 1 |a теория 
610 1 |a инженерный анализ 
610 1 |a расчет на прочность 
610 1 |a нагрузки 
610 1 |a ветер 
610 1 |a баффтинг 
610 1 |a преобразование Лапласа 
610 1 |a несжимаемые жидкости 
610 1 |a колебания 
610 1 |a неустановившиеся движения 
610 1 |a эксперименты 
675 |a 533.6  |v 3 
700 1 |a Фын  |b Я. Ц. 
801 1 |a RU  |b 63413507  |c 20140114 
801 2 |a RU  |b 63413507  |c 20221214  |g RCR 
942 |c BK